00806nam a2200145Ia 4500008004100000020001800041100001800059245009700077260003900174650003500213650026000248856004500508999001900553952008800572171212s9999 xx 000 0 und d a9780874214260 aAdams, Eilean cAdams, EileanaHell Or High WaterbJames White's Disputed Passage through Grand Canyon, 1867 bUniversity Press of Coloradoc2001 aEcology & Evolutionary Biology aWhite, James, 1837 -- Journeys -- Colorado River (Colo.-Mexico); White, James, 1827 -- Journeys -- Arizona -- Grand Canyon; Colorado River (Colo.-Mexico) -- Discovery and exploration; Colorado River (Colo.-Mexico) -- Description and travel; Grand Canyon ( uwww.jstor.org/stable/10.2307/j.ctt46nsf1 c353083d353083 001040aCLbCLd2017-12-12l0oF788.A36 2001r2017-12-12 00:00:00w2017-12-12yCBE